[Event "British Columbia op"]
[Site "Victoria CAN"]
[Date "2009.07.24"]
[Round "1"]
[White "Huang, Richard"]
[Black "Paulson, Stewart"]
[Result "1-0"]
[WhiteElo "1952"]
[BlackElo "1510"]
[PlyCount "109"]
[GameId "2160767910093476"]
[EventDate "2009.07.24"]
[EventType "swiss"]
[EventRounds "5"]
[EventCountry "CAN"]
[SourceTitle "EXT 2011"]
[Source "ChessBase"]
[SourceDate "2011.11.26"]
[SourceVersion "1"]
[SourceVersionDate "2011.11.26"]
[SourceQuality "1"]

1. d4 d5 2. c4 Nf6 3. Nf3 g6 4. cxd5 Bg7 5. Qa4+ c6 6. dxc6 bxc6 7. e3 O-O 8. Be2 Nfd7 9. O-O a5 10. Nc3 Nb6 11. Qc2 N8d7 12. Rd1 Qc7 13. Bd2 Qb8 14. Rac1 e5 15. Be1 Bb7 16. Ne4 exd4 17. exd4 Nd5 18. Nc5 Nxc5 19. Qxc5 Nf4 20. Bf1 Ne6 21. Qc2 Nf4 22. Bd2 Nd5 23. Re1 Nb4 24. Qb3 Qd6 25. a3 Qd5 26. Bc4 Qd6 27. axb4 a4 28. Qe3 Qd8 29. Qe7 Qxe7 30. Rxe7 Bc8 31. Ne5 Be6 32. Bxe6 fxe6 33. Rxe6 a3 34. bxa3 Rxa3 35. Rexc6 Ra2 36. Be3 Rb2 37. Nd3 Ra2 38. b5 Ra3 39. Ne5 Ra2 40. Rc8 Rb2 41. Rxf8+ Bxf8 42. b6 Bb4 43. b7 Bf8 44. Nd7 Rxb7 45. Nxf8 Kxf8 46. g3 Ke7 47. h4 Ke6 48. Kg2 Kf5 49. Kf3 Re7 50. Rc6 h5 51. Bg5 Rf7 52. Rf6+ Rxf6 53. Bxf6 Kxf6 54. Kf4 Ke6 55. Kg5 1-0

[Event "British Columbia op"]
[Site "Victoria CAN"]
[Date "2009.07.24"]
[Round "1"]
[White "Lamothe, Zachari"]
[Black "Ho, Alec"]
[Result "0-1"]
[WhiteElo "840"]
[BlackElo "1850"]
[PlyCount "56"]
[GameId "2160767910093477"]
[EventDate "2009.07.24"]
[EventType "swiss"]
[EventRounds "5"]
[EventCountry "CAN"]
[SourceTitle "EXT 2011"]
[Source "ChessBase"]
[SourceDate "2011.11.26"]
[SourceVersion "1"]
[SourceVersionDate "2011.11.26"]
[SourceQuality "1"]

1. Nf3 d5 2. e3 c5 3. Bb5+ Nc6 4. Bxc6+ bxc6 5. d4 e6 6. O-O Nf6 7. Ne5 Qc7 8. c4 Bd6 9. Nf3 Ba6 10. Qa4 Bxc4 11. Rd1 Be2 12. Rd2 Bxf3 13. gxf3 cxd4 14. Rxd4 Bxh2+ 15. Kh1 Be5 16. Rh4 g5 17. Rb4 Bd6 18. Bd2 Bxb4 19. Bxb4 h5 20. Ba5 Qd6 21. Bb4 Qd7 22. Nc3 g4 23. fxg4 Nxg4 24. f3 Nxe3 25. Ba5 Nc4 26. b3 Nxa5 27. Qxa5 e5 28. Rg1 Qh3# 0-1

[Event "British Columbia op"]
[Site "Victoria CAN"]
[Date "2009.07.24"]
[Round "1"]
[White "Lee, Andrew Quinton"]
[Black "Patterson, Roger"]
[Result "0-1"]
[WhiteElo "1675"]
[BlackElo "2193"]
[PlyCount "84"]
[GameId "2160767910093478"]
[EventDate "2009.07.24"]
[EventType "swiss"]
[EventRounds "5"]
[EventCountry "CAN"]
[SourceTitle "EXT 2011"]
[Source "ChessBase"]
[SourceDate "2011.11.26"]
[SourceVersion "1"]
[SourceVersionDate "2011.11.26"]
[SourceQuality "1"]

1. e4 c5 2. Nf3 d6 3. d4 cxd4 4. Nxd4 Nf6 5. Nc3 e6 6. Be3 Be7 7. Be2 a6 8. O-O O-O 9. f4 Qc7 10. Bf3 Nc6 11. g4 Nxd4 12. Bxd4 e5 13. Be3 exf4 14. Bxf4 Be6 15. Ne2 Nxg4 16. Nd4 Ne5 17. Bxe5 dxe5 18. Nxe6 Qb6+ 19. Kh1 Qxe6 20. Rg1 Qb6 21. Qd2 Rad8 22. Qg2 g6 23. c3 Bc5 24. Rgd1 Be3 25. Rxd8 Rxd8 26. Rd1 Bf4 27. Rxd8+ Qxd8 28. Qf2 Qd3 29. Kg2 Qb1 30. b3 Qd3 31. c4 Kg7 32. Qe2 Qd7 33. Qf2 h5 34. Qe1 Kh6 35. Qf2 a5 36. Qc2 g5 37. Be2 g4 38. Bd3 Qd4 39. Qe2 Kg5 40. Qc2 h4 41. Qe2 h3+ 42. Kf1 Qa1+ 0-1

[Event "British Columbia op"]
[Site "Victoria CAN"]
[Date "2009.07.24"]
[Round "1"]
[White "McCleary, Reuben"]
[Black "Leblanc, Paul"]
[Result "1/2-1/2"]
[WhiteElo "1508"]
[BlackElo "1930"]
[PlyCount "70"]
[GameId "2160767910093479"]
[EventDate "2009.07.24"]
[EventType "swiss"]
[EventRounds "5"]
[EventCountry "CAN"]
[SourceTitle "EXT 2011"]
[Source "ChessBase"]
[SourceDate "2011.11.26"]
[SourceVersion "1"]
[SourceVersionDate "2011.11.26"]
[SourceQuality "1"]

1. e4 c6 2. d4 d5 3. e5 Bf5 4. g4 Be4 5. f3 Bg6 6. h4 h5 7. e6 fxe6 8. Bd3 Bf7 9. g5 g6 10. f4 c5 11. Nf3 c4 12. Bf1 e5 13. Nxe5 e6 14. Bh3 Ne7 15. Nc3 Bg7 16. b3 cxb3 17. axb3 Nbc6 18. Ba3 a6 19. Qd2 Rc8 20. O-O-O b5 21. Bc5 Qa5 22. Kb2 Qc7 23. Rhe1 Bxe5 24. fxe5 Nf5 25. Bxf5 gxf5 26. Rg1 Nxe5 27. dxe5 Qxc5 28. g6 Bg8 29. Rg3 Qe7 30. Qg5 Rc7 31. Qf6 Rh6 32. Rdg1 Rc6 33. Qg5 Rh8 34. Qf6 Rh6 35. Qg5 Rh8 1/2-1/2

[Event "British Columbia op"]
[Site "Victoria CAN"]
[Date "2009.07.24"]
[Round "1"]
[White "Milne, Arthur"]
[Black "Parker, Brian"]
[Result "1-0"]
[WhiteElo "1852"]
[BlackElo "968"]
[PlyCount "58"]
[GameId "2160767910093480"]
[EventDate "2009.07.24"]
[EventType "swiss"]
[EventRounds "5"]
[EventCountry "CAN"]
[SourceTitle "EXT 2011"]
[Source "ChessBase"]
[SourceDate "2011.11.26"]
[SourceVersion "1"]
[SourceVersionDate "2011.11.26"]
[SourceQuality "1"]

1. b3 b6 2. Bb2 Bb7 3. Nf3 e6 4. c4 Nf6 5. g3 Bb4 6. Bg2 O-O 7. O-O Nc6 8. a3 Ba5 9. b4 Nxb4 10. axb4 Bxb4 11. Qc2 d5 12. Ng5 g6 13. Nc3 dxc4 14. Bxb7 Bxc3 15. Qxc3 Rb8 16. Bg2 Re8 17. Qxf6 Qxf6 18. Bxf6 c5 19. Rfb1 Red8 20. Bxd8 Rxd8 21. Nxf7 Rxd2 22. Rxa7 Kf8 23. Nh6 Rxe2 24. Ng4 c3 25. Ne3 c2 26. Nxc2 Rxc2 27. Raa1 c4 28. h4 c3 29. g4 e5 1-0

[Event "British Columbia op"]
[Site "Victoria CAN"]
[Date "2009.07.24"]
[Round "1"]
[White "Ozkan, Charlie"]
[Black "France, Kyle"]
[Result "1-0"]
[WhiteElo "1928"]
[BlackElo "1506"]
[PlyCount "79"]
[GameId "2160767910093481"]
[EventDate "2009.07.24"]
[EventType "swiss"]
[EventRounds "5"]
[EventCountry "CAN"]
[SourceTitle "EXT 2011"]
[Source "ChessBase"]
[SourceDate "2011.11.26"]
[SourceVersion "1"]
[SourceVersionDate "2011.11.26"]
[SourceQuality "1"]

1. c4 e6 2. g3 d5 3. Bg2 Nf6 4. d4 c5 5. cxd5 exd5 6. Nf3 Nc6 7. O-O Qb6 8. dxc5 Bxc5 9. Nc3 Qd8 10. Bg5 d4 11. Ne4 Be7 12. Bxf6 Bxf6 13. Nxf6+ Qxf6 14. Qd2 O-O 15. b4 a6 16. Rac1 Rd8 17. Rfd1 Bf5 18. a3 h6 19. Qf4 g5 20. Qd2 Rd6 21. Rc5 Rad8 22. Ne1 Bg6 23. Nd3 Re8 24. b5 axb5 25. Rxb5 Rde6 26. Re1 Bh5 27. Nc1 Ne5 28. Rb3 g4 29. Rd1 d3 30. Nxd3 Nxd3 31. Qxd3 Rxe2 32. Rf1 Bg6 33. Qd7 Re1 34. Qxg4 h5 35. Qc4 R8e2 36. Bf3 Rxf1+ 37. Kxf1 Ra2 38. Qc3 Ra1+ 39. Kg2 Qa6 40. Qxa1 1-0

[Event "British Columbia op"]
[Site "Victoria CAN"]
[Date "2009.07.24"]
[Round "1"]
[White "Parker, Dylan"]
[Black "Gaciu, Vlad"]
[Result "0-1"]
[WhiteElo "1574"]
[BlackElo "1968"]
[PlyCount "72"]
[GameId "2160767910093482"]
[EventDate "2009.07.24"]
[EventType "swiss"]
[EventRounds "5"]
[EventCountry "CAN"]
[SourceTitle "EXT 2011"]
[Source "ChessBase"]
[SourceDate "2011.11.26"]
[SourceVersion "1"]
[SourceVersionDate "2011.11.26"]
[SourceQuality "1"]

1. e4 d6 2. d4 Nf6 3. Nc3 g6 4. f4 Bg7 5. Nf3 c5 6. e5 Nfd7 7. dxc5 dxe5 8. fxe5 Nxe5 9. Qxd8+ Kxd8 10. Nxe5 Bxe5 11. Ne4 Bf5 12. Ng5 Ke8 13. Bc4 e6 14. Nf3 Bf6 15. c3 Ke7 16. Bg5 Bxg5 17. Nxg5 Rc8 18. b4 b6 19. cxb6 axb6 20. Bb3 Rxc3 21. Kd2 Rd3+ 22. Ke2 Nc6 23. g4 Nd4+ 24. Kf2 Bxg4 25. Rhc1 h6 26. Ne4 Rf3+ 27. Kg2 Bh3+ 28. Kh1 Nxb3 29. axb3 Rxa1 30. Rxa1 Rxb3 31. Ra7+ Kf8 32. Kg1 Rxb4 33. Nd6 Rf4 34. Ra8+ Ke7 35. Nc8+ Kd7 36. Nxb6+ Kc7 0-1

[Event "British Columbia op"]
[Site "Victoria CAN"]
[Date "2009.07.24"]
[Round "1"]
[White "Powell, Ashley"]
[Black "Aquino, Manfrei"]
[Result "0-1"]
[WhiteElo "1300"]
[BlackElo "1928"]
[PlyCount "44"]
[GameId "2160767910093483"]
[EventDate "2009.07.24"]
[EventType "swiss"]
[EventRounds "5"]
[EventCountry "CAN"]
[SourceTitle "EXT 2011"]
[Source "ChessBase"]
[SourceDate "2011.11.26"]
[SourceVersion "1"]
[SourceVersionDate "2011.11.26"]
[SourceQuality "1"]

1. e4 e5 2. Nf3 Nc6 3. Bc4 Bc5 4. c3 Nf6 5. b4 Bb6 6. d4 exd4 7. cxd4 d5 8. b5 Nxd4 9. Nxd4 dxc4 10. Nc3 Qxd4 11. Qxd4 Bxd4 12. Bb2 Nxe4 13. Rc1 Nxf2 14. Rf1 Nd3+ 15. Kd1 Nxb2+ 16. Kc2 Nd3 17. Rcd1 Bg4 18. Rd2 Be3 19. Rxd3 cxd3+ 20. Kxd3 Bb6 21. Re1+ Be6 22. Nd5 O-O-O 0-1

[Event "British Columbia op"]
[Site "Victoria CAN"]
[Date "2009.07.24"]
[Round "1"]
[White "Powell, Samantha"]
[Black "Wang, Jesse BJ"]
[Result "0-1"]
[WhiteElo "1604"]
[BlackElo "2006"]
[PlyCount "118"]
[GameId "2160767910093484"]
[EventDate "2009.07.24"]
[EventType "swiss"]
[EventRounds "5"]
[EventCountry "CAN"]

1. e4 c5 2. Nf3 d6 3. d4 cxd4 4. Nxd4 Nf6 5. Nc3 a6 6. Bg5 e6 7. f4 Nbd7 8. Qf3 Qc7 9. O-O-O b5 10. a3 Bb7 11. Bd3 Qb6 12. Nb3 Rc8 13. Rhe1 Rxc3 14. bxc3 Qc7 15. Bxf6 gxf6 16. Re3 Nb6 17. Qe2 d5 18. f5 Na4 19. Bxb5+ axb5 20. Qxb5+ Bc6 21. Qa5 Qxa5 22. Nxa5 Bh6 23. Rde1 Ba8 24. exd5 Bxd5 25. c4 Bxg2 26. Kd1 Bxe3 27. Rxe3 Ke7 28. fxe6 fxe6 29. Rg3 Be4 30. Kc1 Ra8 31. Nb3 Rc8 32. Nd2 Bg6 33. Rb3 Nc5 34. Rb4 Rc7 35. Nf3 e5 36. Kb2 Bf7 37. Kc3 Ne4+ 38. Kd3 Nd6 39. Nd2 f5 40. a4 e4+ 41. Kc3 e3 42. Nf3 Bxc4 43. Ne1 f4 44. Kd4 Ke6 45. a5 Ba6 46. h4 Rc4+ 47. Rxc4 Bxc4 48. Kc3 Kd5 49. Kb2 Ke4 50. Kc1 f3 51. Kd1 e2+ 52. Kd2 f2 53. Nd3 Bxd3 54. cxd3+ Kf3 55. a6 e1=Q+ 56. Kc2 f1=Q 57. a7 Qfe2+ 58. Kb3 Qxd3+ 59. Kb2 Qeb1# 0-1

[Event "British Columbia op"]
[Site "Victoria CAN"]
[Date "2009.07.24"]
[Round "1"]
[White "Shi, Diwen"]
[Black "Yearwood, Roy"]
[Result "1/2-1/2"]
[WhiteElo "1626"]
[BlackElo "2079"]
[PlyCount "57"]
[GameId "2160767910093485"]
[EventDate "2009.07.24"]
[EventType "swiss"]
[EventRounds "5"]
[EventCountry "CAN"]
[SourceTitle "EXT 2011"]
[Source "ChessBase"]
[SourceDate "2011.11.26"]
[SourceVersion "1"]
[SourceVersionDate "2011.11.26"]
[SourceQuality "1"]

1. c4 g6 2. Nc3 Bg7 3. g3 d6 4. Bg2 e5 5. d3 Nc6 6. Nf3 h6 7. Bd2 Nf6 8. O-O Be6 9. b3 Qd7 10. Rb1 Bh3 11. Nb5 Bxg2 12. Kxg2 O-O 13. Qc1 Kh7 14. Qc2 Rae8 15. Nc3 Nd4 16. Qd1 Nh5 17. Re1 f5 18. e3 Ne6 19. Qc2 f4 20. Rf1 Rf7 21. Nh4 Ng5 22. exf4 exf4 23. d4 Qh3+ 24. Kg1 fxg3 25. Qxg6+ Kh8 26. fxg3 Rxf1+ 27. Rxf1 Bxd4+ 28. Rf2 Bxf2+ 29. Kxf2 1/2-1/2

[Event "British Columbia op"]
[Site "Victoria CAN"]
[Date "2009.07.24"]
[Round "1"]
[White "Sohal, Tanraj"]
[Black "Lo, Ryan"]
[Result "1-0"]
[WhiteElo "2072"]
[BlackElo "1615"]
[PlyCount "65"]
[GameId "2160767910093486"]
[EventDate "2009.07.24"]
[EventType "swiss"]
[EventRounds "5"]
[EventCountry "CAN"]
[SourceTitle "EXT 2011"]
[Source "ChessBase"]
[SourceDate "2011.11.26"]
[SourceVersion "1"]
[SourceVersionDate "2011.11.26"]
[SourceQuality "1"]

1. d4 Nf6 2. c4 g6 3. Nc3 d5 4. cxd5 Nxd5 5. e4 Nxc3 6. bxc3 Bg7 7. Bc4 c5 8. Ne2 Nc6 9. Be3 O-O 10. O-O cxd4 11. cxd4 e6 12. Rc1 Ne7 13. Qd2 b6 14. f3 Bb7 15. Rfd1 Qd7 16. Bh6 Rac8 17. Bxg7 Kxg7 18. Qb2 Kg8 19. Nf4 Qd6 20. g3 Qd7 21. Qb3 Kg7 22. Bxe6 fxe6 23. Nxe6+ Kh8 24. Nxf8 Rxf8 25. d5 Rc8 26. Rxc8+ Bxc8 27. Qc3+ Kg8 28. Rc1 a5 29. Qc7 Qxc7 30. Rxc7 Kf8 31. d6 Be6 32. Rxe7 Bxa2 33. Re5 1-0

[Event "British Columbia op"]
[Site "Victoria CAN"]
[Date "2009.07.24"]
[Round "1"]
[White "Van Heirzeele, Daniel"]
[Black "Roback, Joe"]
[Result "1-0"]
[WhiteElo "2201"]
[BlackElo "1685"]
[PlyCount "47"]
[GameId "2160767910093488"]
[EventDate "2009.07.24"]
[EventType "swiss"]
[EventRounds "5"]
[EventCountry "CAN"]

1. d4 Nf6 2. c4 e6 3. g3 d5 4. Nf3 Be7 5. Bg2 O-O 6. O-O b6 7. Ne5 Bb7 8. Nc3 c5 9. dxc5 bxc5 10. cxd5 Nxd5 11. Qb3 Qb6 12. Nxd5 exd5 13. Bxd5 Qxb3 14. Bxb3 Nc6 15. Nxc6 Bxc6 16. Be3 Rfc8 17. Rac1 Bf6 18. Rxc5 Bxb2 19. Rb1 Bf6 20. Rbc1 Bb7 21. Rc7 Ba6 22. Bxf7+ Kh8 23. Rxc8+ Bxc8 24. Bd5 1-0

[Event "British Columbia op"]
[Site "Victoria CAN"]
[Date "2009.07.24"]
[Round "1"]
[White "Weller, Stephen"]
[Black "Raymer, Evan"]
[Result "0-1"]
[WhiteElo "1250"]
[BlackElo "1903"]
[PlyCount "50"]
[GameId "2160767910093490"]
[EventDate "2009.07.24"]
[EventType "swiss"]
[EventRounds "5"]
[EventCountry "CAN"]
[SourceTitle "EXT 2011"]
[Source "ChessBase"]
[SourceDate "2011.11.26"]
[SourceVersion "1"]
[SourceVersionDate "2011.11.26"]
[SourceQuality "1"]

1. Nf3 Nf6 2. g3 d5 3. b3 c5 4. Bb2 Nc6 5. d3 g6 6. Ne5 d4 7. Nxc6 Qd5 8. Rg1 Qxc6 9. Bg2 Qc7 10. Nd2 Bh6 11. h3 Bd7 12. c3 e5 13. cxd4 cxd4 14. Kf1 Bc6 15. Rc1 Bxg2+ 16. Rxg2 Qd7 17. Rh2 O-O 18. Rc2 Bxd2 19. Qxd2 Rfc8 20. g4 Rxc2 21. Qxc2 Rc8 22. Qd2 Qc7 23. Rg2 Qc2 24. Ke1 Qb1+ 25. Qd1 Qxb2 0-1

[Event "British Columbia op"]
[Site "Victoria CAN"]
[Date "2009.07.24"]
[Round "1"]
[White "Wu, Howard"]
[Black "Raymer, Elliot"]
[Result "1-0"]
[WhiteElo "2254"]
[BlackElo "1776"]
[PlyCount "73"]
[GameId "2160767910093491"]
[EventDate "2009.07.24"]
[EventType "swiss"]
[EventRounds "5"]
[EventCountry "CAN"]
[SourceTitle "EXT 2011"]
[Source "ChessBase"]
[SourceDate "2011.11.26"]
[SourceVersion "1"]
[SourceVersionDate "2011.11.26"]
[SourceQuality "1"]

1. Nc3 Nf6 2. g3 d5 3. Bg2 e6 4. d3 Be7 5. Nf3 O-O 6. O-O b6 7. e4 dxe4 8. dxe4 Bb7 9. Ne5 c5 10. Qe2 Qc7 11. Nc4 Nc6 12. Bf4 e5 13. Nb5 Nd4 14. Nxd4 exf4 15. Nf5 fxg3 16. hxg3 Rfe8 17. Rfe1 b5 18. e5 Bxg2 19. exf6 Bf8 20. Qg4 g6 21. Kxg2 bxc4 22. Ne3 Qb7+ 23. Qf3 Qxb2 24. Rab1 Qxa2 25. Rb7 c3 26. Rd1 Rab8 27. Rdd7 Rxb7 28. Rxb7 Qa6 29. Rd7 Re6 30. Nd5 Qe2 31. Qxe2 Rxe2 32. Rd8 h5 33. Ne7+ Kh7 34. Rxf8 Rxc2 35. Rxf7+ Kh6 36. Ng8+ Kg5 37. Re7 1-0

[Event "British Columbia op"]
[Site "Victoria CAN"]
[Date "2009.07.25"]
[Round "2"]
[White "Aquino, Manfrei"]
[Black "Wu, Howard"]
[Result "1/2-1/2"]
[WhiteElo "1928"]
[BlackElo "2254"]
[PlyCount "80"]
[GameId "2160767910093492"]
[EventDate "2009.07.24"]
[EventType "swiss"]
[EventRounds "5"]
[EventCountry "CAN"]
[SourceTitle "EXT 2011"]
[Source "ChessBase"]
[SourceDate "2011.11.26"]
[SourceVersion "1"]
[SourceVersionDate "2011.11.26"]
[SourceQuality "1"]

1. d4 c5 2. d5 Nf6 3. c4 b5 4. a4 Qa5+ 5. Bd2 b4 6. Qc2 g6 7. e4 d6 8. Bd3 Bg7 9. Ne2 O-O 10. O-O Nbd7 11. f4 Qc7 12. h3 Ba6 13. Be1 e6 14. Nd2 exd5 15. exd5 Rab8 16. Rb1 Rfe8 17. Bf2 Qb6 18. b3 Re7 19. Rbe1 Rbe8 20. Ng3 Rxe1 21. Rxe1 Rxe1+ 22. Bxe1 Bh6 23. f5 Ne5 24. Bf2 Nxd5 25. fxg6 hxg6 26. Bxg6 fxg6 27. cxd5 Bd3 28. Qb2 Bg7 29. Qc1 Qb7 30. Ngf1 Bxf1 31. Qxf1 Qxd5 32. Qe2 a5 33. Be3 Kh7 34. Bg5 Nc6 35. Be3 Nd4 36. Bxd4 Qxd4+ 37. Kf1 d5 38. Nf3 Qc3 39. Ng5+ Kh6 40. Nf7+ Kh7 1/2-1/2

[Event "British Columbia op"]
[Site "Victoria CAN"]
[Date "2009.07.25"]
[Round "2"]
[White "Cao, Jason"]
[Black "Sohal, Tanraj"]
[Result "0-1"]
[WhiteElo "1032"]
[BlackElo "2072"]
[PlyCount "56"]
[GameId "2160767910093493"]
[EventDate "2009.07.24"]
[EventType "swiss"]
[EventRounds "5"]
[EventCountry "CAN"]
[SourceTitle "EXT 2011"]
[Source "ChessBase"]
[SourceDate "2011.11.26"]
[SourceVersion "1"]
[SourceVersionDate "2011.11.26"]
[SourceQuality "1"]

1. d4 Nf6 2. c4 e6 3. Nc3 Bb4 4. Qc2 O-O 5. Nf3 d6 6. e3 Bxc3+ 7. Qxc3 Nc6 8. Bd3 e5 9. d5 Ne7 10. e4 Ne8 11. O-O f5 12. Nd2 f4 13. f3 g5 14. h3 Ng6 15. b3 h5 16. Ba3 b6 17. b4 Nf6 18. c5 Rf7 19. cxd6 cxd6 20. b5 Ne8 21. Nc4 Nf8 22. Rfc1 Qf6 23. Bb2 Nd7 24. Na3 Nc5 25. Nc2 g4 26. Kh2 Qh4 27. Bf1 Qg3+ 28. Kh1 gxh3 0-1

[Event "British Columbia op"]
[Site "Victoria CAN"]
[Date "2009.07.25"]
[Round "2"]
[White "Doknjas, John"]
[Black "Shi, Diwen"]
[Result "1/2-1/2"]
[WhiteElo "1796"]
[BlackElo "1626"]
[PlyCount "59"]
[GameId "2160767910093494"]
[EventDate "2009.07.24"]
[EventType "swiss"]
[EventRounds "5"]
[EventCountry "CAN"]
[SourceTitle "EXT 2011"]
[Source "ChessBase"]
[SourceDate "2011.11.26"]
[SourceVersion "1"]
[SourceVersionDate "2011.11.26"]
[SourceQuality "1"]

1. d4 d5 2. c4 e6 3. Nc3 Nf6 4. Bg5 Be7 5. Nf3 O-O 6. e3 Nbd7 7. Bd3 dxc4 8. Bxc4 h6 9. Bh4 c5 10. O-O cxd4 11. exd4 Nb6 12. Bb3 Nfd5 13. Bxe7 Nxe7 14. Ne4 Bd7 15. Qd3 a6 16. a4 Nbd5 17. Nc5 Bc6 18. Ne5 Nf4 19. Nxc6 Nxc6 20. Qe4 Qxd4 21. Qxd4 Nxd4 22. g3 Nxb3 23. Nxb3 Nd5 24. Rfd1 Rfd8 25. Rac1 Nb6 26. Rxd8+ Rxd8 27. Rc7 Nxa4 28. Rxb7 Nxb2 29. Nc5 Nc4 30. Nxa6 1/2-1/2

[Event "British Columbia op"]
[Site "Victoria CAN"]
[Date "2009.07.25"]
[Round "2"]
[White "France, Kyle"]
[Black "Findlay, Dave"]
[Result "0-1"]
[WhiteElo "1506"]
[BlackElo "1758"]
[PlyCount "58"]
[GameId "2160767910093495"]
[EventDate "2009.07.24"]
[EventType "swiss"]
[EventRounds "5"]
[EventCountry "CAN"]
[SourceTitle "EXT 2011"]
[Source "ChessBase"]
[SourceDate "2011.11.26"]
[SourceVersion "1"]
[SourceVersionDate "2011.11.26"]
[SourceQuality "1"]

1. e4 e5 2. Nf3 Nc6 3. Bb5 a6 4. Ba4 Nf6 5. O-O b5 6. Bb3 Bc5 7. Re1 Bb7 8. c3 O-O 9. d4 exd4 10. cxd4 Bb4 11. Bd2 Bxd2 12. Nbxd2 d6 13. Nf1 Ne7 14. Ng3 Ng6 15. Qe2 Re8 16. e5 Nd5 17. Rad1 Ndf4 18. Qe3 Qd7 19. Ne2 Qg4 20. Ng3 Nxg2 21. Bxf7+ Kxf7 22. e6+ Ke7 23. Nf5+ Qxf5 24. Qa3 Bxf3 25. Qa5 Nxe1 26. Qxc7+ Kf8 27. Qxd6+ Kg8 28. Rxe1 Nf4 29. Re5 Qb1+ 0-1

[Event "British Columbia op"]
[Site "Victoria CAN"]
[Date "2009.07.25"]
[Round "2"]
[White "Gaciu, Vlad"]
[Black "Milne, Arthur"]
[Result "0-1"]
[WhiteElo "1968"]
[BlackElo "1852"]
[PlyCount "117"]
[GameId "2160767910093496"]
[EventDate "2009.07.24"]
[EventType "swiss"]
[EventRounds "5"]
[EventCountry "CAN"]
[SourceTitle "EXT 2011"]
[Source "ChessBase"]
[SourceDate "2011.11.26"]
[SourceVersion "1"]
[SourceVersionDate "2011.11.26"]
[SourceQuality "1"]

1. e4 Nf6 2. e5 Nd5 3. c4 Nb6 4. d4 d6 5. exd6 exd6 6. Nc3 Nc6 7. b3 Be7 8. Bb2 O-O 9. Nf3 Bg4 10. Be2 d5 11. c5 Nc8 12. O-O Bf6 13. a3 N8e7 14. Na2 Bxf3 15. Bxf3 Nf5 16. Nb4 Nfxd4 17. Bxd4 Nxd4 18. Bxd5 a5 19. Bxb7 Rb8 20. Nc6 Nxc6 21. Bxc6 Bxa1 22. Qxa1 Rxb3 23. Ba4 Rd3 24. Bb5 Rd2 25. a4 Qd4 26. Qxd4 Rxd4 27. g3 Rfd8 28. Kg2 Rd1 29. Rxd1 Rxd1 30. Kf3 Kf8 31. Ke4 Ke7 32. h4 Rc1 33. Kd4 Rc2 34. f3 Rg2 35. g4 Rh2 36. h5 g6 37. hxg6 fxg6 38. g5 Ke6 39. f4 Kf5 40. Kd5 Kxf4 41. Ke6 Rd2 42. Bd7 Kxg5 43. c6 h5 44. Ke7 h4 45. Ke8 Kf4 46. Kd8 h3 47. Kxc7 h2 48. Kb8 h1=Q 49. c7 Rc2 50. c8=Q Rxc8+ 51. Bxc8 g5 52. Bb7 Qb1 53. Ka7 Ke5 54. Ka6 Qb4 55. Bc6 Kd6 56. Bb5 Kc7 57. Ka7 Qc5+ 58. Ka8 Qb6 59. Bc6 0-1

[Event "British Columbia op"]
[Site "Victoria CAN"]
[Date "2009.07.25"]
[Round "2"]
[White "Hamm, Robert"]
[Black "Cruden, Neil B"]
[Result "1/2-1/2"]
[WhiteElo "1590"]
[BlackElo "1908"]
[PlyCount "78"]
[GameId "2160767910093497"]
[EventDate "2009.07.24"]
[EventType "swiss"]
[EventRounds "5"]
[EventCountry "CAN"]
[SourceTitle "EXT 2011"]
[Source "ChessBase"]
[SourceDate "2011.11.26"]
[SourceVersion "1"]
[SourceVersionDate "2011.11.26"]
[SourceQuality "1"]

1. d4 Nf6 2. c4 e6 3. Nc3 Bb4 4. Nf3 O-O 5. Bg5 h6 6. Bh4 c5 7. a3 Bxc3+ 8. bxc3 d6 9. e3 Nbd7 10. Bd3 Re8 11. O-O e5 12. Nd2 Qc7 13. Qc2 b6 14. d5 Ba6 15. Qa4 Bb7 16. Rae1 Rab8 17. Qd1 Ba6 18. Bc2 b5 19. Bd3 b4 20. Qa4 bxc3 21. Nb1 Rb6 22. Nxc3 Reb8 23. Rb1 Rxb1 24. Rxb1 Rxb1+ 25. Bxb1 Qb6 26. f3 g5 27. Be1 Bc8 28. Qc2 Nf8 29. h4 Kg7 30. hxg5 hxg5 31. f4 exf4 32. exf4 gxf4 33. Ne2 Ng6 34. Bc3 Bg4 35. Nxf4 Nxf4 36. Qh7+ Kf8 37. Qh8+ Ng8 38. Qg7+ Ke7 39. Qg5+ Kf8 1/2-1/2

[Event "British Columbia op"]
[Site "Victoria CAN"]
[Date "2009.07.25"]
[Round "2"]
[White "Lo, Ryan"]
[Black "Edgar, Garth"]
[Result "1-0"]
[WhiteElo "1615"]
[BlackElo "1130"]
[PlyCount "75"]
[GameId "2160767910093501"]
[EventDate "2009.07.24"]
[EventType "swiss"]
[EventRounds "5"]
[EventCountry "CAN"]
[SourceTitle "EXT 2011"]
[Source "ChessBase"]
[SourceDate "2011.11.26"]
[SourceVersion "1"]
[SourceVersionDate "2011.11.26"]
[SourceQuality "1"]

1. d4 d5 2. c4 dxc4 3. Nc3 a6 4. a4 e6 5. e3 Bb4 6. Bxc4 c5 7. Nge2 Nf6 8. O-O O-O 9. Bd2 b6 10. Qc2 Bb7 11. Rad1 Qc7 12. Bd3 g6 13. Ne4 Ng4 14. N4g3 f5 15. Qc1 Bxd2 16. Qxd2 Qc6 17. f3 Nd7 18. Nf4 Ngf6 19. Bc4 Rae8 20. d5 Qxa4 21. b3 Qb4 22. Qxb4 cxb4 23. dxe6 Ne5 24. e7+ Rf7 25. Bxf7+ Kxf7 26. Rd6 Rxe7 27. Rxb6 a5 28. e4 fxe4 29. Nxe4 Nxe4 30. fxe4 Bxe4 31. Nxg6+ Ke8 32. Nxe7 Kxe7 33. Re1 Nd7 34. Rxe4+ Kd8 35. Rd6 Kc7 36. Rxd7+ Kxd7 37. Re5 a4 38. bxa4 1-0

[Event "British Columbia op"]
[Site "Victoria CAN"]
[Date "2009.07.25"]
[Round "2"]
[White "McCleary, Rick"]
[Black "Lee, Andrew Quinton"]
[Result "0-1"]
[WhiteElo "1140"]
[BlackElo "1675"]
[PlyCount "92"]
[GameId "2160767910093502"]
[EventDate "2009.07.24"]
[EventType "swiss"]
[EventRounds "5"]
[EventCountry "CAN"]
[SourceTitle "EXT 2011"]
[Source "ChessBase"]
[SourceDate "2011.11.26"]
[SourceVersion "1"]
[SourceVersionDate "2011.11.26"]
[SourceQuality "1"]

1. d4 Nf6 2. Nc3 g6 3. e4 d6 4. Bd3 Bg7 5. Nge2 O-O 6. O-O e5 7. Bg5 h6 8. Bxf6 Bxf6 9. Qd2 Bg7 10. Bc4 Nc6 11. Rad1 exd4 12. Nd5 Ne5 13. Qb4 c5 14. Qb3 Nxc4 15. Qxc4 a6 16. a4 Rb8 17. Ra1 b5 18. axb5 axb5 19. Qa2 Be6 20. Nef4 Qd7 21. Qa7 Rb7 22. Qa3 Rbb8 23. Qa7 Rb7 24. Qa3 g5 25. Nh5 Bxd5 26. exd5 Re8 27. Rae1 Re5 28. Qa8+ Kh7 29. f4 Rxd5 30. Qe8 Qxe8 31. Rxe8 Rd7 32. f5 f6 33. Ra1 Re5 34. Raa8 Rxe8 35. Rxe8 c4 36. Rf8 Re7 37. Nxf6+ Bxf6 38. Rxf6 Re2 39. Rxd6 Rxc2 40. Rxd4 Rxb2 41. h4 c3 42. f6 c2 43. Rd7+ Kg6 44. f7 c1=Q+ 45. Kh2 Qf4+ 46. Kh3 g4# 0-1